header

Development through technology transfer (Record no. 13200)

MARC details
000 -LEADER
fixed length control field 01189nam a22002891a 4500
082 04 - DEWEY DECIMAL CLASSIFICATION NUMBER
Classification number 338.9260965
100 1# - MAIN ENTRY--AUTHOR NAME
Personal name Saad, Mohammed.
245 10 - TITLE STATEMENT
Title Development through technology transfer
260 ## - PUBLICATION, DISTRIBUTION, ETC. (IMPRINT)
Place of publication Oxford ;
-- Portland, OR, USA :
Name of publisher Intellect,
Year of publication 2000.
300 ## - PHYSICAL DESCRIPTION
Number of Pages iv, 138 p. :
Other physical details ill.
650 #0 - SUBJECT ADDED ENTRY--TOPICAL TERM
Topical Term Technology transfer
856 40 - ELECTRONIC LOCATION AND ACCESS
Uniform Resource Identifier http://site.ebrary.com/lib/rucke/Doc?id=10014648

No items available.

© 2026 Rongo University
Contact us: librarian | system librarian | Rongo university